El origen de Colón (Record no. 174994)
[ view plain ]
| 000 -LEADER | |
|---|---|
| campo de control de longitud fija | 01396nam a2200277 i 4500 |
| 001 - NÚMERO DE CONTROL | |
| campo de control | 174994 |
| 003 - IDENTIFICADOR DE NÚMERO DE CONTROL | |
| campo de control | ES-MaACL |
| 005 - FECHA Y HORA DE LA ÚLTIMA TRANSACCIÓN | |
| campo de control | 20230906215722.0 |
| 008 - DATOS DE LONGITUD FIJA--INFORMACIÓN GENERAL | |
| campo de control de longitud fija | 100923s2007 sp ab |||| |dmul d |
| 080 ## - NÚMERO DE LA CLASIFICACIÓN DECIMAL UNIVERSAL | |
| Número de la Clasificación Decimal Universal | 929 Colón, Cristóbal |
| 245 03 - MENCIÓN DEL TÍTULO | |
| Título | El origen de Colón |
| Resto del título | : aspectos históricos y genéticos / |
| Mención de responsabilidad, etc. | coordinación, Alfonso Ballesteros Fernández, Macià Tomàs Salvà. |
| 260 ## - PUBLICACIÓN, DISTRIBUCIÓN, ETC. | |
| Lugar de publicación, distribución, etc. | Palma de Mallorca : |
| Nombre del editor, distribuidor, etc. | Reial Acadèmia de Medicina de les Illes Balears, |
| Fecha de publicación, distribución, etc. | 2007. |
| 300 ## - DESCRIPCIÓN FÍSICA | |
| Extensión | 68 p. : |
| Otras características físicas | il. col., mapas ; |
| Dimensiones | 30 cm. |
| 490 1# - MENCIÓN DE SERIE | |
| Mención de serie | Medicina balear ; |
| Designación de volumen o secuencia | 22, n. 1, |
| Número Internacional Normalizado para Publicaciones Seriadas | 1579-5853 |
| 505 8# - NOTA DE CONTENIDO CON FORMATO | |
| Nota de contenido con formato | Contiene: ; |
| Título | Los enigmas de Colón / |
| Mención de responsabilidad | A. Ballesteros Fernández. -- |
| Título | Mallorca en la segunda mitad del siglo XV. Panorama socioeconómico / |
| Mención de responsabilidad | Josep Juan Vidal. -- |
| Título | El príncep de Viana: mite i realitat / |
| Mención de responsabilidad | Mariona Ibars Puga. -- |
| Título | Identificación genética de los restos de la familia Colón / |
| Mención de responsabilidad | José Antonio Lorente Acosta |
| 546 ## - NOTA DE IDIOMA | |
| Nota de lengua/lenguaje | Textos en catalán, español, francés e inglés. |
| 600 14 - PUNTO DE ACCESO ADICIONAL DE MATERIA--NOMBRE DE PERSONA | |
| Nombre de persona | Colón, Cristóbal. |
| 9 (RLIN) | 39869 |
| 700 1# - ENTRADA AGREGADA--NOMBRE PERSONAL | |
| Nombre de persona | Ballesteros Fernández, Alfonso. |
| 9 (RLIN) | 25055 |
| 700 1# - ENTRADA AGREGADA--NOMBRE PERSONAL | |
| Nombre de persona | Tomàs i Salvà, Macià. |
| 9 (RLIN) | 143350 |
| 700 1# - ENTRADA AGREGADA--NOMBRE PERSONAL | |
| Nombre de persona | Juan Vidal, José. |
| 9 (RLIN) | 143351 |
| 700 1# - ENTRADA AGREGADA--NOMBRE PERSONAL | |
| Nombre de persona | Ibars, Mariona. |
| 9 (RLIN) | 143352 |
| 700 1# - ENTRADA AGREGADA--NOMBRE PERSONAL | |
| Nombre de persona | Lorente Acosta, José Antonio. |
| 9 (RLIN) | 143353 |
| 830 0# - PUNTO DE ACCESO ADICIONAL DE SERIE-TÍTULO UNIFORME | |
| Título uniforme | Medicina balear ; |
| Designación de volumen o secuencia | 22, n. 1, |
| Número Internacional Normalizado para Publicaciones Seriadas | 1579-5853 |
| 9 (RLIN) | 223823 |
| 852 ## - LOCALIZACIÓN | |
| Ubicación | ES-MaACL |
| Número de control de estantería | 2281-F-16 |
| Estatus retirado | Estado de pérdida | Estado de daño | No para préstamo | Colección | Biblioteca de origen | Biblioteca actual | Ubicación en estantería | Fecha de adquisición | Fuente de adquisición | Total de préstamos | Signatura topográfica completa | Código de barras | Visto por última vez | Precio de reemplazo | Tipo de ítem Koha |
|---|---|---|---|---|---|---|---|---|---|---|---|---|---|---|---|
| Colección de folletos | Biblioteca del Ateneo de Madrid | Biblioteca del Ateneo de Madrid | Depósito folletos | 23/09/2010 | 2281-F-16 | 1183749 | 23/02/2023 | 23/02/2023 | Folleto |
